| 000 | 01084nam a2200265Ia 4500 | ||
|---|---|---|---|
| 999 |
_c35726 _d35726 |
||
| 001 | 1601 | ||
| 003 | GE_BSU | ||
| 005 | 20200120102953.0 | ||
| 008 | 181216s2005||||ge |||||||||||||| ||geo|| | ||
| 020 | _a9994040898 | ||
| 041 | _ageo | ||
| 080 | _a331.5(075.8)+349.2(075.8)შ-87 | ||
| 245 |
_aშრომის დაცვა / _cმ. ავალიანი ; რ. ბაბუნაიშვილი ; ვ. ხითარიშვილი ; ნ. მაჭავარიანი . |
||
| 260 | _bტექნ. უნ–ტი | ||
| 264 |
_aთბილისი : _bტექნ. უნ–ტი, _c2005. |
||
| 300 |
_a152 გვ .: _c19 სმ. |
||
| 504 | _aბიბლიოგრ.: გვ. 149. | ||
| 653 | _aშრომის დაცვა | ||
| 653 | _aშრომის სამართალი. | ||
| 700 |
_a ავალიანი, მ _96227 |
||
| 700 |
_aბაბუნაშვილი, რ _96228 |
||
| 700 |
_a ხითარიშვილი, ვ _96229 |
||
| 700 |
_aმაჭავარიანი, ნ _9545 |
||
| 942 |
_cBK _2udc |
||